000 00584nam a2200193 a 4500
001 21375
003 CO-ViMGA
008 141112s2004 ck r 000 u spa d
020 _a9584214268
040 _aCO-ViMGA
_bspa
_cCO-ViMGA
082 _aCo863.6 F715me
100 1 _aFranco Ramos, Jorge
_95748
245 1 0 _aMelodrama
260 _aBogotá; Planeta,
_c2006
300 _a394
590 _aForma de adquisición : Compra fact. 0863 - - Precio : 37000 - - Proveedor : Temas y libros - - Fecha de adquisición : Mayo 2007
650 1 4 _aNOVELA COLOMBIANA
_91193
942 _2ddc
_cBK
999 _c10977
_d10977